000 00377nam a2200133Ia 4500
999 _c20549
_d20549
082 _aTZ.0007
100 _aZafar Alam
245 0 _aSome economic aspects of Hindustan Steel Limited as a public enterprise
260 _c1970
_bUniversity of Ranchi
300 _a474,xvp.
650 _aHINDUSTAN STEEL LIMITED - ECONOMIC ASPECTS
710 _aTripathi, R.N.
942 _cTH
_2ddc